Score 0/20 Timer 03:00
0 Plays Today
Song Name Missing Word % Correct
Can't _____ the Feeling!Stop
92.4%
Send My _____ (To Your New Lover)Love
92.1%
Let _____ Love YouMe
91.5%
Me, _____ & IMyself
90.2%
Work From _____ Home
89.9%
_____ ThrillsCheap
86.7%
Don't _____ Me DownLet
79%
_____ by the OceanCake
77.5%
This Is What You _____ ForCame
76.6%
Same _____ LoveOld
73%
Song Name Missing Word % Correct
I _____ U I Love UHate
67.6%
Love _____Yourself
67.1%
One _____Dance
65.4%
_____ OutStressed
59.9%
Like I'm Gonna _____ YouLose
58.6%
_____ WomanDangerous
58.1%
_____ DreamsWildest
48.3%
Just Like _____Fire
45.5%
On My _____ Mind
40.2%
For _____Free
19.2%

Today's Daily Dose

Remove Ads.
Support Sporcle.
Get the best of Sporcle when you Go Orange. This ad-free experience offers more features, more stats, and more fun while also helping to support Sporcle. Thank you for becoming a member.

You're not logged in!

Compare scores with friends on all Sporcle quizzes.
OR
Log In

Show Comments

Extras

Top Quizzes Today


Score Distribution

Your Account Isn't Verified!

In order to create a playlist on Sporcle, you need to verify the email address you used during registration. Go to your Sporcle Settings to finish the process.

Report this User

Report this user for behavior that violates our Community Guidelines.

Details: